Kadra Niemiec na mundial 2022 - Statystyki

Ogólne statystyki
  • Ten quiz został rozwiązany 171 razy
  • Średni wynik to 15 z 26
Statystyki odpowiedzi
Pozycja Zawodnik % Poprawnych
Bramkarz Manuel Neuer
98%
Bramkarz Marc Andre Ter Stegen
93%
Pomocnik Thomas Müller
86%
Pomocnik Joshua Kimmich
84%
Napastnik Leroy Sane
82%
Napastnik Serge Gnabry
79%
Pomocnik Kai Havertz
78%
Obrońca Antonio Rüdiger
77%
Pomocnik Jamal Musiala
77%
Obrońca Niklas Süle
71%
Pomocnik Leon Goretzka
69%
Pomocnik Ilkay Gündogan
62%
Bramkarz Kevin Trapp
61%
Napastnik Niclas Füllkrug
60%
Obrońca David Raum
54%
Obrońca Nico Schlotterbeck
48%
Obrońca Matthias Ginter
39%
Napastnik Youssoufa Moukoko
38%
Napastnik Karim Adeyemi
37%
Pomocnik Mario Götze
34%
Obrońca Lukas Klostermann
33%
Pomocnik Julian Brandt
31%
Obrońca Thilo Kehrer
26%
Obrońca Christian Günter
23%
Pomocnik Jonas Hofmann
21%
Obrońca Armell Bella Kotchap
15%
Nie znaleziono quizów pasujących do podanych kryteriów
Rozkład punktacji
Procent ludzi z każdym wynikiem
Percentyl według liczby udzielonych odpowiedzi
Twoja historia wyników
Nie rozwiązałeś tego quizu